Identifying problematic RAAC planks (Record no. 121660)
[ view plain ]
| 000 -LEADER | |
|---|---|
| fixed length control field | 01074nas a22002297a 4500 |
| 007 - PHYSICAL DESCRIPTION FIXED FIELD--GENERAL INFORMATION | |
| fixed length control field | ta |
| 008 - FIXED-LENGTH DATA ELEMENTS--GENERAL INFORMATION | |
| fixed length control field | 230112s2019 xxk||||o |||| 00| 0 eng d |
| 041 ## - LANGUAGE CODE | |
| Language code of text/sound track or separate title | eng |
| 100 ## - MAIN ENTRY--PERSONAL NAME | |
| Personal author | Rushton, Trevor |
| 110 ## - MAIN ENTRY--CORPORATE NAME | |
| 9 (RLIN) | 4900 |
| Corporate author | Royal Institution of Chartered Surveyors |
| 245 ## - TITLE STATEMENT | |
| Title | Identifying problematic RAAC planks |
| Statement of responsibility, etc | [electronic resource] |
| 260 ## - PUBLICATION INFORMATION | |
| Publisher | Royal Institution of Chartered Surveyors, |
| Date | 21 November 2019 |
| 490 ## - SERIES TITLE | |
| Series statement | RICS Built Environment Journal, |
| Volume | 21 November 2019 |
| 520 ## - ABSTRACT | |
| Abstract | The potential for sudden failure of reinforced autoclaved aerated concrete planks has been highlighted recently. So how can surveyors tell whether the material has been used for construction and identify the warning signs? |
| 650 ## - KEYWORDS | |
| Keywords | BUILDING DEFECTS |
| 650 ## - KEYWORDS | |
| Keywords | CONCRETE |
| 650 ## - KEYWORDS | |
| Keywords | REINFORCED AUTOCLAVED AERATED CONCRETE |
| 651 ## - SUBJECT ADDED ENTRY--GEOGRAPHIC NAME | |
| Geographic name | United Kingdom |
| 690 ## - LOCAL SUBJECT ADDED ENTRY--TOPICAL TERM (OCLC, RLIN) | |
| 9 (RLIN) | 6225 |
| Topical term or geographic name as entry element | Building surveying |
| 700 ## - ADDED PERSONAL NAME | |
| Added personal author | Rushton, Martin |
| 856 ## - ONLINE RESOURCE | |
| Uniform Resource Identifier | https://ww3.rics.org/uk/en/journals/built-environment-journal/reinforced-autoclaved-aerated-concrete-planks.html |
| Public note | Available from RICS journals |
| Withdrawn status | Lost status | Damaged status | Koha normalized classification for sorting | Not for loan | Home library | Current library | Shelving location | Date acquired | Total Checkouts | Full call number | Date last seen | Price effective from | Koha item type |
|---|---|---|---|---|---|---|---|---|---|---|---|---|---|
| ONLINE_JOURNAL_ARTICLE | Virtual | Virtual | Online | 08/09/2023 | ONLINE JOURNAL ARTICLE | 08/09/2023 | 08/09/2023 | Journal article |